[Event "Potsdam Christmas 35th"]
[Site "Potsdam"]
[Date "2010.12.29"]
[Round "6.37"]
[White "Haar, Reinhard"]
[Black "Maslov, Maxim"]
[Result "0-1"]
[WhiteElo "1501"]
[BlackElo "1790"]
[PlyCount "34"]
[EventDate "2010.12.27"]
[EventType "swiss"]
[EventRounds "7"]
[EventCountry "GER"]
[SourceTitle "EXT 2022"]
[Source "ChessBase"]
[SourceDate "2021.10.06"]
[SourceVersion "1"]
[SourceVersionDate "2021.10.06"]
[SourceQuality "1"]

1. d4 d5 2. c4 e6 3. Nc3 c6 4. Nf3 f5 5. Bf4 Nf6 6. e3 Nbd7 7. Bd3 Be7 8. 0-0 0-0 9. cxd5 cxd5 10. Nb5 Ne8 11. Rc1 Ndf6 12. Bc7 Nxc7 13. Rxc7 a6 14. Rxe7 axb5 15. Rxg7+ Kxg7 16. Ne5 Nd7 17. Ng4 Qg5 0-1

[Event "Potsdam Christmas 35th"]
[Site "Potsdam"]
[Date "2010.12.27"]
[Round "1.4"]
[White "Maslov, Maxim"]
[Black "Rietze, Clemens"]
[Result "0-1"]
[WhiteElo "1790"]
[BlackElo "2235"]
[PlyCount "68"]
[EventDate "2010.12.27"]
[EventType "swiss"]
[EventRounds "7"]
[EventCountry "GER"]
[SourceTitle "EXT 2022"]
[Source "ChessBase"]
[SourceDate "2021.10.06"]
[SourceVersion "1"]
[SourceVersionDate "2021.10.06"]
[SourceQuality "1"]

1. e4 c5 2. Nc3 Nc6 3. g3 g6 4. Bg2 Bg7 5. f4 d6 6. Nf3 f5 7. d3 Nf6 8. 0-0 0-0 9. Qe2 Nd4 10. Nxd4 cxd4 11. Nd5 fxe4 12. Nxf6+ Bxf6 13. Bxe4 Bh3 14. Rf2 Qd7 15. Qf3 Rad8 16. Bd5+ Kh8 17. Bxb7 d5 18. Ba6 Bg4 19. Bb5 Qe6 20. Qg2 Bh3 21. Re2 Qg4 22. Qf2 e5 23. Qe1 g5 24. fxe5 Be7 25. Bd2 Rf1+ 26. Qxf1 Bxf1 27. Kxf1 Qf3+ 28. Rf2 Qh1+ 29. Ke2 Qxa1 30. Rf7 Rf8 31. e6 Rxf7 32. exf7 Kg7 33. Be8 Qxb2 34. h4 Qxc2 0-1

[Event "Berlin Lichtenberger op 8th"]
[Site "Berlin"]
[Date "2009.08.20"]
[Round "6"]
[White "Maslov, Maxim"]
[Black "Krawatzki, Armin"]
[Result "1-0"]
[WhiteElo "1792"]
[BlackElo "1874"]
[PlyCount "44"]
[EventDate "2009.08.15"]
[EventType "swiss"]
[EventRounds "9"]
[EventCountry "GER"]
[SourceTitle "CBM 131 Extra"]
[Source "ChessBase"]
[SourceDate "2009.09.03"]
[SourceVersion "2"]
[SourceVersionDate "2009.09.16"]
[SourceQuality "1"]

1. e4 d5 2. exd5 Qxd5 3. Nc3 Qa5 4. d4 Nf6 5. Nf3 Bf5 6. Bd3 Bxd3 7. Qxd3 e6 8. 0-0 c6 9. Bf4 Be7 10. Rad1 0-0 11. Rfe1 Nbd7 12. a3 Rfd8 13. Ng5 h6 14. Nge4 Nxe4 15. Nxe4 Nf6 16. Nxf6+ Bxf6 17. Be5 Bxe5 18. Rxe5 Rd5 19. Rxd5 exd5 20. Qe2 Qc7 21. Re1 Kf8 22. c3 Re8 1-0